[Event "2BLN 1819 Lübecker SV - SK Zehlendorf"]
[Site "?"]
[Date "2019.02.24"]
[Round "8.6"]
[White "Lampe, Dirk"]
[Black "Brodowski, Piotr"]
[Result "1/2-1/2"]
[WhiteElo "2146"]
[BlackElo "2439"]
[PlyCount "99"]
[EventDate "2019.??.??"]

1. e4 c5 2. Nf3 Nc6 3. d4 cxd4 4. Nxd4 Nf6 5. Nc3 e5 6. Ndb5 d6 7. Bg5 a6 8.
Na3 b5 9. Nd5 Be7 10. Bxf6 Bxf6 11. c3 Rb8 12. Nc2 O-O 13. a4 bxa4 14. Nce3 Bg5
15. Qxa4 Ne7 16. Nxe7+ Qxe7 17. Nd5 Qe6 18. h4 Bd8 19. O-O-O Bd7 20. Qc2 Qe8
21. Bc4 a5 22. Qd3 Be6 23. f3 Qa4 24. Kb1 Kh8 25. g4 Bc7 26. Rd2 Bd8 27. g5 Bb6
28. Bb5 Qb3 29. Qc4 Qxc4 30. Bxc4 Bc5 31. Kc2 a4 32. Ra1 Ra8 33. Bb5 Ra5 34.
Bxa4 Bd7 35. b3 Rfa8 36. Kd3 Bb5+ 37. c4 Bxa4 38. Rxa4 Rxa4 39. bxa4 Rxa4 40.
Rb2 h6 41. Rb7 Ra3+ 42. Ke2 hxg5 43. hxg5 Kg8 44. Ne7+ Kh7 45. Nf5 Kg6 46. Nxd6
Bxd6 47. Rb6 Ra2+ 48. Ke3 Ra3+ 49. Ke2 Ra2+ 50. Ke3 1/2-1/2

[Event "2BLN 1819 Lübecker SV - SK Zehlendorf"]
[Site "?"]
[Date "2019.02.24"]
[Round "8.7"]
[White "Luch, Michal"]
[Black "Frohberg, Marco"]
[Result "1-0"]
[WhiteElo "2372"]
[BlackElo "2241"]
[PlyCount "73"]
[EventDate "2019.??.??"]

1. d4 d5 2. c4 e6 3. Nc3 Nf6 4. cxd5 exd5 5. Bg5 Be7 6. e3 O-O 7. Bd3 c6 8. Qc2
Nbd7 9. Nge2 Re8 10. O-O Nf8 11. f3 Nh5 12. Bxe7 Qxe7 13. e4 Be6 14. e5 g6 15.
f4 Ng7 16. Ng3 f5 17. a3 c5 18. dxc5 Qxc5+ 19. Qf2 Rec8 20. Rfc1 Nd7 21. Nge2
Qxf2+ 22. Kxf2 Nc5 23. Rd1 a6 24. Bc2 Ne4+ 25. Ke3 Kf7 26. Rd4 Rc5 27. Bb3 Nxc3
28. Nxc3 Rd8 29. Rad1 Ke7 30. Bxd5 b5 31. Bxe6 Rxd4 32. Rxd4 Nxe6 33. Rd6 Nc7
34. Kd3 a5 35. b4 axb4 36. axb4 Rc4 37. Nxb5 1-0

[Event "2BLN 1819 Lübecker SV - SK Zehlendorf"]
[Site "?"]
[Date "2019.02.24"]
[Round "8.8"]
[White "Koop, Thilo"]
[Black "Lagunow, Alexander"]
[Result "0-1"]
[WhiteElo "2167"]
[BlackElo "2383"]
[PlyCount "82"]
[EventDate "2019.??.??"]

1. e4 c5 2. Nf3 Nc6 3. Nc3 g6 4. d4 cxd4 5. Nxd4 Bg7 6. Nde2 Nf6 7. g3 h5 8. h3
d6 9. Bg2 Bd7 10. Be3 Qc8 11. Qd2 h4 12. g4 Ne5 13. g5 Nh5 14. b3 Bc6 15. Bd4
Qc7 16. f4 Nd7 17. Bxg7 Nxg7 18. Qd4 e5 19. Qc4 Qb6 20. Rd1 exf4 21. Rxd6 f3
22. Rxd7 Bxd7 23. Bxf3 Rc8 24. Qd3 Qa5 25. Qd4 O-O 26. Qxd7 Rxc3 27. Qd2 Rc5
28. b4 Qa3 29. bxc5 Qxf3 30. Rf1 Qxe4 31. Kd1 Ne6 32. Kc1 Rd8 33. Nc3 Qe5 34.
Qe1 Qxg5+ 35. Kb1 Nxc5 36. Qf2 Rd7 37. Rg1 Qe5 38. Qf3 Kg7 39. Rf1 b5 40. Ne2
Na4 41. c3 Qxe2 0-1

[Event "2BLN 1819 SK Norderstedt - SC Rotation "]
[Site "?"]
[Date "2019.02.24"]
[Round "8.1"]
[White "Guth, Thomas"]
[Black "Krause, Benedict"]
[Result "0-1"]
[WhiteElo "2287"]
[BlackElo "2436"]
[PlyCount "78"]
[EventDate "2019.??.??"]

1. e4 c5 2. Nf3 e6 3. c3 d5 4. e5 d4 5. Bb5+ Bd7 6. Bxd7+ Qxd7 7. d3 Nc6 8. c4
Nge7 9. Bf4 f5 10. h4 Ng6 11. g3 Be7 12. h5 Nxf4 13. gxf4 O-O-O 14. Qe2 Rdg8
15. Na3 g5 16. hxg6 Rxg6 17. O-O-O Rg4 18. Rdg1 Rxf4 19. Rg7 a6 20. Kb1 Qe8 21.
Nc2 h5 22. Nh2 Qf8 23. Rgg1 Rh4 24. Ne1 Qh6 25. a3 Qf4 26. Ng2 Qxe5 27. Qxe5
Nxe5 28. Nxh4 Bxh4 29. Re1 Nxd3 30. Rxe6 Nxf2 31. Rf1 Bg3 32. Re2 Ng4 33. Nxg4
fxg4 34. Re4 Bd6 35. Rh1 g3 36. Reh4 Rg8 37. Rxh5 g2 38. Rg1 Bf4 39. Rxc5+ Kb8
0-1

[Event "2BLN 1819 SK Norderstedt - SC Rotation "]
[Site "?"]
[Date "2019.02.24"]
[Round "8.2"]
[White "Parvanyan, Ashot"]
[Black "Dauth, Benjamin"]
[Result "0-1"]
[WhiteElo "2438"]
[BlackElo "2277"]
[PlyCount "84"]
[EventDate "2019.??.??"]

1. Nf3 d5 2. g3 Nf6 3. Bg2 e6 4. O-O Be7 5. c4 O-O 6. Na3 Nbd7 7. d4 c6 8. Qb3
Ne4 9. Bf4 Bd6 10. Bxd6 Nxd6 11. c5 Ne4 12. Rac1 e5 13. e3 exd4 14. exd4 Ng5
15. Nxg5 Qxg5 16. Rfe1 Nf6 17. h4 Qh6 18. Nc2 Rb8 19. Nb4 Bf5 20. Qa3 Rbe8 21.
Bf1 Rxe1 22. Rxe1 Qd2 23. Qc3 Ne4 24. Qxd2 Nxd2 25. Re3 Be4 26. Bg2 Nc4 27. Re2
Bg6 28. Re7 Rb8 29. a4 Kf8 30. Rc7 Ke8 31. Bh3 a5 32. Na2 Nxb2 33. Nc3 Bc2 34.
h5 Nxa4 35. Ne2 Bd1 36. Nf4 Nc3 37. h6 gxh6 38. Nd3 Nb5 39. Rd7 Nxd4 40. f3
Nxf3+ 41. Kf2 Ng5 42. Bf5 a4 0-1

[Event "2BLN 1819 SK Norderstedt - SC Rotation "]
[Site "?"]
[Date "2019.02.24"]
[Round "8.3"]
[White "Rietze, Clemens"]
[Black "Ostrovskiy, Andrey"]
[Result "0-1"]
[WhiteElo "2277"]
[BlackElo "2424"]
[PlyCount "138"]
[EventDate "2019.??.??"]

1. d4 Nf6 2. c4 e6 3. Nf3 b6 4. g3 c6 5. Bg2 Be7 6. O-O O-O 7. Qc2 d5 8. Nbd2
Bb7 9. e4 Na6 10. a3 Rc8 11. e5 Nd7 12. b4 c5 13. dxc5 bxc5 14. b5 Nc7 15. a4
Rb8 16. Rb1 Nb6 17. Ba3 Nxc4 18. Nxc4 dxc4 19. Qxc4 Nd5 20. Rfc1 Rc8 21. Qc2
Nb4 22. Qe2 Nd3 23. Rc3 c4 24. Bxe7 Qxe7 25. Ne1 Bxg2 26. Kxg2 Nxe1+ 27. Qxe1
Qb7+ 28. Kg1 Rfd8 29. Qe3 h6 30. Rbc1 a6 31. b6 Rd5 32. f3 Rdc5 33. Rb1 a5 34.
Qd4 Qc6 35. Qd6 Qb7 36. Qd4 Qd5 37. Qe3 Rb8 38. Kg2 Qc6 39. Qd4 Qd5 40. Qe3 Qc6
41. Qd4 Qxa4 42. Rbc1 Qb4 43. Rxc4 Rxc4 44. Rxc4 Qxb6 45. Rc8+ Kh7 46. Qe4+ g6
47. Rc4 Qb1 48. Qxb1 Rxb1 49. Rc7 Kg7 50. Ra7 Rb2+ 51. Kh3 Rb5 52. f4 g5 53.
Kg4 Kg6 54. h3 h5+ 55. Kf3 Rb3+ 56. Kg2 gxf4 57. gxf4 Ra3 58. Kh2 h4 59. Kg2 a4
60. Rc7 Rg3+ 61. Kh2 Rf3 62. Rc4 a3 63. Ra4 Kf5 64. Ra7 Kxf4 65. Rxf7+ Ke4 66.
Ra7 Kxe5 67. Ra4 Rf2+ 68. Kg1 Ra2 69. Kf1 Kf5 0-1

[Event "2BLN 1819 SK Norderstedt - SC Rotation "]
[Site "?"]
[Date "2019.02.24"]
[Round "8.4"]
[White "Trent, Lawrence"]
[Black "Mueller, Michael"]
[Result "1-0"]
[WhiteElo "2385"]
[BlackElo "2272"]
[PlyCount "165"]
[EventDate "2019.??.??"]

1. f4 d5 2. Nf3 Nf6 3. g3 g6 4. Bg2 Bg7 5. O-O O-O 6. d3 d4 7. c3 c5 8. e4 dxe3
9. Bxe3 Qc7 10. Na3 Be6 11. d4 Nbd7 12. Qe2 Rfe8 13. Rfe1 a6 14. dxc5 Nxc5 15.
Ng5 Bd7 16. Qc4 Ne6 17. Qxc7 Nxc7 18. Nc4 h6 19. Ne4 Nfd5 20. Bf2 Bc6 21. Na5
Rab8 22. Nxc6 bxc6 23. Re2 a5 24. Nc5 e6 25. Rae1 Red8 26. Na4 Na8 27. Rd2 Bf6
28. Red1 Rdc8 29. Bf1 Nab6 30. Nc5 Be7 31. Re1 Rd8 32. Red1 Rdc8 33. Re1 Rd8
34. Rde2 Nd7 35. Na4 N7b6 36. Nc5 Nd7 37. Nd3 Rb7 38. Re4 Ra8 39. Kg2 Kf8 40.
Kf3 c5 41. g4 Rc8 42. f5 gxf5 43. gxf5 exf5 44. Ra4 N7f6 45. Bh3 Ng4 46. Bxg4
fxg4+ 47. Rxg4 c4 48. Ne5 Rxb2 49. Bd4 h5 50. Rge4 Rc7 51. R4e2 Rxe2 52. Rxe2
f6 53. Ng6+ Kf7 54. Nxe7 Rxe7 55. Rb2 Rd7 56. Ke4 Ke6 57. Rb5 a4 58. Ra5 Rd6
59. h4 Rd7 60. a3 Rd6 61. Rc5 f5+ 62. Kf3 Ne7 63. Kf4 Nc6 64. Bh8 Ne7 65. Bd4
Nc6 66. Be3 Ne7 67. Re5+ Kf7 68. Rxe7+ Kxe7 69. Bc5 Ke6 70. Bxd6 Kxd6 71. Kxf5
Kd5 72. Kf4 Kd6 73. Kg5 Ke5 74. Kxh5 Ke4 75. Kg4 Kd3 76. h5 Kxc3 77. h6 Kd2 78.
h7 c3 79. h8=Q c2 80. Qd4+ Ke1 81. Qe4+ Kd2 82. Qxa4 c1=Q 83. Qf4+ 1-0

[Event "2BLN 1819 SK Norderstedt - SC Rotation "]
[Site "?"]
[Date "2019.02.24"]
[Round "8.5"]
[White "Neumeier, Lars"]
[Black "Kopylov, Michael"]
[Result "0-1"]
[WhiteElo "2304"]
[BlackElo "2416"]
[PlyCount "110"]
[EventDate "2019.??.??"]

1. d4 Nf6 2. Nf3 c5 3. e3 g6 4. Bd3 Bg7 5. O-O O-O 6. b3 d5 7. Bb2 cxd4 8. exd4
Nc6 9. Re1 Nb4 10. Bf1 Bg4 11. Na3 Ne4 12. c3 Nc6 13. h3 Bxf3 14. Qxf3 Qa5 15.
Nc4 Qc7 16. Ne3 e6 17. Bd3 Nf6 18. Rad1 Rfd8 19. Bb1 b5 20. Qe2 Qb6 21. Nf1 b4
22. cxb4 Qxb4 23. Qe3 a5 24. a3 Qb6 25. Re2 Rab8 26. Bc2 Ne4 27. Bxe4 dxe4 28.
Qxe4 Qxb3 29. Rd3 Qa4 30. Red2 e5 31. Ne3 Nxd4 32. Bxd4 Rxd4 33. Rxd4 exd4 34.
Nd5 Qxa3 35. Kh2 Qd6+ 36. g3 Qe6 37. Rxd4 Re8 38. Qxe6 fxe6 39. Re4 Ra8 40. Nb6
Rb8 41. Rxe6 Bd4 42. Nc4 Rd8 43. Re2 a4 44. Kg2 a3 45. Ra2 Ra8 46. Ne3 Bxe3 47.
fxe3 Kf7 48. Kf3 Ke6 49. Ke2 Ke5 50. Kd3 h5 51. g4 h4 52. g5 Kf5 53. Kc3 Ke4
54. Rg2 Kxe3 55. Kb3 a2 0-1

[Event "2BLN 1819 SK Norderstedt - SC Rotation "]
[Site "?"]
[Date "2019.02.24"]
[Round "8.6"]
[White "Powierski, Emil"]
[Black "Bruchmann, Stephan"]
[Result "1/2-1/2"]
[WhiteElo "2318"]
[BlackElo "2254"]
[PlyCount "42"]
[EventDate "2019.??.??"]

1. e4 d5 2. exd5 Qxd5 3. Nc3 Qd8 4. d4 c6 5. Bc4 Bf5 6. g4 Bg6 7. Nge2 e6 8. h4
Bb4 9. h5 Be4 10. Rh3 Bd5 11. Bd3 h6 12. a3 Bd6 13. f3 Ne7 14. Be3 Nd7 15. Qd2
a6 16. O-O-O b5 17. Ne4 Bc7 18. Bf4 Nb6 19. Be5 Bxe5 20. dxe5 Bxe4 21. fxe4 Qc7
1/2-1/2

[Event "2BLN 1819 SK Norderstedt - SC Rotation "]
[Site "?"]
[Date "2019.02.24"]
[Round "8.7"]
[White "Seils, Joerg"]
[Black "Polischuk, Viktor"]
[Result "1/2-1/2"]
[WhiteElo "2316"]
[BlackElo "2281"]
[PlyCount "85"]
[EventDate "2019.??.??"]

1. e4 c5 2. Nf3 e6 3. b3 d5 4. exd5 Qxd5 5. Bb2 Nf6 6. Nc3 Qd8 7. d4 cxd4 8.
Qxd4 Qxd4 9. Nxd4 a6 10. Be2 e5 11. Nf3 Nc6 12. Na4 e4 13. Nd4 Nxd4 14. Bxd4
Bf5 15. Nb6 Rd8 16. c3 Be7 17. O-O O-O 18. Rfd1 Nd5 19. Nxd5 Rxd5 20. Bb6 Rxd1+
21. Rxd1 Rc8 22. c4 Kf8 23. g4 Rc6 24. Be3 Bc8 25. Rd5 g6 26. f3 Be6 27. Rd1
exf3 28. Bxf3 Rc7 29. Bf4 Bc5+ 30. Kg2 Rd7 31. Rxd7 Bxd7 32. Bxb7 Bxg4 33. Bxa6
Be7 34. Bb7 Bf5 35. Bd2 Ba3 36. b4 Bb1 37. c5 Bxa2 38. Bf3 Bc4 39. Kf2 Bb2 40.
Be2 Bd4+ 41. Be3 Bxe3+ 42. Kxe3 Bxe2 43. Kxe2 1/2-1/2

[Event "2BLN 1819 SK Norderstedt - SC Rotation "]
[Site "?"]
[Date "2019.02.24"]
[Round "8.8"]
[White "Kopylov, Daniel"]
[Black "Steinhagen, Bernd"]
[Result "1-0"]
[WhiteElo "2227"]
[BlackElo "2254"]
[PlyCount "66"]
[EventDate "2019.??.??"]

1. e4 c5 2. Nf3 Nc6 3. d4 cxd4 4. Nxd4 Nf6 5. Nc3 e6 6. Ndb5 Bb4 7. a3 Bxc3+ 8.
Nxc3 d5 9. exd5 exd5 10. Bd3 O-O 11. O-O d4 12. Ne4 Bf5 13. Bg5 Bxe4 14. Bxe4
h6 15. Bh4 g5 16. Bxc6 bxc6 17. Bg3 Qd5 18. Qd3 Rfe8 19. Rad1 Rad8 20. Rfe1 Ne4
21. Bc7 Rc8 22. Bg3 Rcd8 23. f3 Nxg3 24. hxg3 Re3 25. Qxe3 dxe3 26. Rxd5 Rxd5
27. Rxe3 Kg7 28. Rc3 c5 29. Kf2 Kf6 30. Ke2 h5 31. Rc4 Ke6 32. Ra4 Rd7 33. Ra6+
Kf5 1-0

[Event "2BLN 1819 Hamburger SK II - SC Rotation"]
[Site "?"]
[Date "2019.03.23"]
[Round "9.1"]
[White "Guth, Thomas"]
[Black "Souleidis, Georgios"]
[Result "1/2-1/2"]
[WhiteElo "2275"]
[BlackElo "2423"]
[PlyCount "67"]
[EventDate "2019.??.??"]

1. e4 d6 2. Nc3 Nf6 3. d4 g6 4. Bg5 c6 5. Qd2 Nbd7 6. O-O-O Qa5 7. Kb1 b5 8.
Re1 b4 9. Nd1 h6 10. Bh4 Bg7 11. Bc4 O-O 12. f4 d5 13. exd5 cxd5 14. Bd3 e6 15.
Nf3 Ne4 16. Bxe4 dxe4 17. Ne5 Nxe5 18. fxe5 g5 19. Bg3 Bb7 20. h4 Bd5 21. b3 g4
22. h5 Rfc8 23. Rh4 Rc6 24. Rxg4 Kf8 25. Rf1 Rac8 26. Qf2 R8c7 27. Rxg7 Kxg7
28. Qf6+ Kh7 29. Bf4 Rxc2 30. Qxh6+ Kg8 31. Qg5+ Kh7 32. Qh6+ Kg8 33. Qg5+ Kh7
34. Qh6+ 1/2-1/2

[Event "2BLN 1819 Hamburger SK II - SC Rotation"]
[Site "?"]
[Date "2019.03.23"]
[Round "9.2"]
[White "Kramer, Julian"]
[Black "Dauth, Benjamin"]
[Result "1/2-1/2"]
[WhiteElo "2380"]
[BlackElo "2297"]
[PlyCount "118"]
[EventDate "2019.??.??"]

1. e4 e5 2. Nf3 Nc6 3. Bc4 Bc5 4. O-O d6 5. c3 Qf6 6. d4 exd4 7. cxd4 Nxd4 8.
Nxd4 Bxd4 9. Nc3 Bxc3 10. bxc3 Be6 11. Bd5 c6 12. Bxe6 Qxe6 13. Rb1 b6 14. Bf4
Nf6 15. Bxd6 Nxe4 16. Re1 O-O-O 17. Qa4 Kb7 18. Bc7 Rde8 19. Qa5 c5 20. Bxb6
axb6 21. Rxe4 Qc6 22. Rxe8 Rxe8 23. Qa3 Re2 24. Qb3 Qf6 25. Qd5+ Kc7 26. Rf1
Qe6 27. Qd3 g6 28. a4 Ra2 29. Qb5 f5 30. Rd1 Rd2 31. Rb1 Qc6 32. Qb3 c4 33. Qb4
Qc5 34. Qxc5+ bxc5 35. Kf1 Ra2 36. Re1 Kd6 37. Rd1+ Kc6 38. Re1 Rxa4 39. Re7
Kd5 40. Ke2 Ra2+ 41. Ke3 Rc2 42. Rd7+ Ke5 43. Re7+ Kd5 44. Rd7+ Ke6 45. Rxh7
Rxc3+ 46. Kd2 Rd3+ 47. Kc2 Ra3 48. Kb2 Ra6 49. Rg7 Ke5 50. Kc3 Kf6 51. Rb7 Ra3+
52. Kb2 Rd3 53. Kc2 Rd4 54. Rb6+ Kg5 55. Kc3 Rh4 56. h3 Re4 57. Rd6 Re1 58. f4+
Kh5 59. g4+ fxg4 1/2-1/2

[Event "2BLN 1819 Hamburger SK II - SC Rotation"]
[Site "?"]
[Date "2019.03.23"]
[Round "9.3"]
[White "Rietze, Clemens"]
[Black "Bracker, Frank"]
[Result "1-0"]
[WhiteElo "2272"]
[BlackElo "2392"]
[PlyCount "37"]
[EventDate "2019.??.??"]

1. d4 Nf6 2. c4 e6 3. Nf3 d5 4. Nc3 dxc4 5. e3 a6 6. a4 c5 7. Bxc4 Nc6 8. O-O
Be7 9. Qe2 cxd4 10. Rd1 O-O 11. exd4 Nb4 12. Ne5 h6 13. Ne4 Bd7 14. Ra3 Bc6 15.
Nxf6+ Bxf6 16. Rg3 Kh8 17. Qh5 Be4 18. Bxh6 g6 19. Bxf8+ 1-0

[Event "2BLN 1819 Hamburger SK II - SC Rotation"]
[Site "?"]
[Date "2019.03.23"]
[Round "9.4"]
[White "Colpe, Malte"]
[Black "Mueller, Michael"]
[Result "1-0"]
[WhiteElo "2368"]
[BlackElo "2248"]
[PlyCount "101"]
[EventDate "2019.??.??"]

1. d4 Nf6 2. c4 g6 3. Nc3 d5 4. Nf3 Bg7 5. cxd5 Nxd5 6. e4 Nxc3 7. bxc3 O-O 8.
Be2 b6 9. O-O Bb7 10. Qc2 Nd7 11. Bb2 e5 12. a4 exd4 13. cxd4 Re8 14. Bd3 Rc8
15. Rfe1 c5 16. d5 Bxb2 17. Qxb2 c4 18. Bc2 a6 19. Qd4 Qc7 20. Rab1 Qc5 21. Qc3
Ba8 22. h4 Qf8 23. Rbd1 Rc5 24. h5 Qg7 25. Qb4 Rb8 26. Rd4 Ne5 27. Nxe5 Qxe5
28. Red1 Qxh5 29. d6 a5 30. Qb2 Rcc8 31. d7 Rd8 32. Rxc4 Qe2 33. Qc3 Bb7 34.
Rcd4 b5 35. axb5 Qxb5 36. Ba4 Qe5 37. f3 Ba6 38. Qd2 Qc7 39. Rc1 Qa7 40. Kh1
Qb6 41. Rd6 Qa7 42. Qxa5 Qe3 43. Qd2 Qxd2 44. Rxd2 Kf8 45. Rd4 Rb2 46. Rc5 f6
47. Rd6 Bf1 48. Rc8 Ke7 49. Rxd8 Kxd8 50. Rxf6 Bb5 51. Rb6 1-0

[Event "2BLN 1819 Hamburger SK II - SC Rotation"]
[Site "?"]
[Date "2019.03.23"]
[Round "9.5"]
[White "Neumeier, Lars"]
[Black "Voigt, Roland"]
[Result "0-1"]
[WhiteElo "2308"]
[BlackElo "2449"]
[PlyCount "72"]
[EventDate "2019.??.??"]

1. d4 Nf6 2. Nf3 g6 3. g3 Bg7 4. Bg2 O-O 5. O-O d6 6. c4 c6 7. Nc3 Bf5 8. Nh4
Be6 9. d5 cxd5 10. cxd5 Bd7 11. Be3 Qa5 12. a3 Rc8 13. h3 Be8 14. Bd4 Nbd7 15.
Nf3 Qd8 16. e4 Nc5 17. e5 Nfe4 18. Nxe4 Nxe4 19. e6 f5 20. Bxg7 Kxg7 21. Qd4+
Nf6 22. Rfc1 Qb6 23. b4 Qxd4 24. Nxd4 f4 25. Bf3 fxg3 26. fxg3 g5 27. Kf2 Bg6
28. Ke3 a5 29. Nb5 axb4 30. axb4 Rxa1 31. Rxc8 Be4 32. Nc3 Bxf3 33. Kxf3 Kg6
34. Rc7 Kf5 35. Ke3 Rc1 36. b5 Rxc3+ 0-1

[Event "2BLN 1819 Hamburger SK II - SC Rotation"]
[Site "?"]
[Date "2019.03.23"]
[Round "9.6"]
[White "Hoolt, Sarah"]
[Black "Bruchmann, Stephan"]
[Result "1-0"]
[WhiteElo "2324"]
[BlackElo "2257"]
[PlyCount "77"]
[EventDate "2019.??.??"]

1. e4 d5 2. exd5 Qxd5 3. Nc3 Qd8 4. d4 Nf6 5. Nf3 Bg4 6. h3 Bxf3 7. Qxf3 c6 8.
Bf4 e6 9. O-O-O Be7 10. h4 Nd5 11. Nxd5 cxd5 12. Qg4 Bf6 13. Rh3 Nc6 14. Bg5
Qe7 15. Rf3 Bxg5+ 16. hxg5 h6 17. gxh6 gxh6 18. Kb1 Qg5 19. Qh3 Rf8 20. Rb3
O-O-O 21. Qc3 Rd6 22. Qc5 Rfd8 23. a4 b6 24. Qc3 Kd7 25. Qh3 Ke7 26. Bb5 Qf6
27. Rf3 Qg7 28. Rc3 Rc8 29. f4 Kd7 30. f5 Rc7 31. fxe6+ fxe6 32. Rg3 Qh8 33.
Rg6 Kc8 34. Rxe6 Rxe6 35. Qxe6+ Kb7 36. Qxd5 a6 37. Bxc6+ Rxc6 38. Rd3 Kc7 39.
Rf3 1-0

[Event "2BLN 1819 Hamburger SK II - SC Rotation"]
[Site "?"]
[Date "2019.03.23"]
[Round "9.7"]
[White "Seils, Joerg"]
[Black "Fuchs, Judith"]
[Result "0-1"]
[WhiteElo "2321"]
[BlackElo "2256"]
[PlyCount "90"]
[EventDate "2019.??.??"]

1. e4 c6 2. d4 d5 3. Nc3 dxe4 4. Nxe4 Nf6 5. Nxf6+ exf6 6. Nf3 Bd6 7. Be3 O-O
8. Be2 Na6 9. O-O Re8 10. Re1 Nc7 11. c4 Bg4 12. Qd2 Ne6 13. Nh4 f5 14. g3 Bxe2
15. Qxe2 f4 16. Bd2 fxg3 17. hxg3 Nxd4 18. Qg4 c5 19. Bc3 Qf6 20. Qd7 Re7 21.
Bxd4 cxd4 22. Qb5 g6 23. c5 Be5 24. Qd3 Rd8 25. Nf3 Bc7 26. Rxe7 Qxe7 27. b4 b6
28. Re1 Qf8 29. Qc4 bxc5 30. bxc5 Ba5 31. Rd1 Rc8 32. c6 Qd6 33. Qa6 Qxc6 34.
Qd3 Rd8 35. Ne5 Qd5 36. Nc4 Bc3 37. a4 Qc5 38. Ne3 Re8 39. Ng4 Kg7 40. Qa6 Qf5
41. Nh2 Re7 42. Nf1 Be1 43. f4 Qc2 44. Qd3 Qf2+ 45. Kh1 Bc3 0-1

[Event "2BLN 1819 Hamburger SK II - SC Rotation"]
[Site "?"]
[Date "2019.03.23"]
[Round "9.8"]
[White "Sievers, Stefan"]
[Black "Steinhagen, Bernd"]
[Result "0-1"]
[WhiteElo "2361"]
[BlackElo "2234"]
[PlyCount "68"]
[EventDate "2019.??.??"]

1. c4 e6 2. Nf3 d5 3. b3 Nf6 4. Bb2 Be7 5. g3 O-O 6. Bg2 b6 7. O-O Bb7 8. e3
Nbd7 9. Nc3 c5 10. Qe2 Rc8 11. Rfd1 Qc7 12. Rac1 dxc4 13. bxc4 Rfd8 14. d3 h6
15. Ne1 Bxg2 16. Kxg2 Ne5 17. f4 Nc6 18. Nf3 Qb7 19. Kg1 Rc7 20. Rf1 Rcd7 21.
Rcd1 a6 22. a4 Ne8 23. g4 Nd6 24. Ba1 Qc7 25. Qg2 Ne8 26. Ne1 Nb4 27. g5 Qc6
28. Ne4 Kh7 29. h4 f5 30. gxh6 fxe4 31. Kh2 Bf6 32. Rg1 Bxa1 33. Rxa1 e5 34.
dxe4 Rd2 0-1

[Event "2BLN 1819 FC St. Pauli - SK Zehlendorf"]
[Site "?"]
[Date "2019.03.23"]
[Round "9.1"]
[White "Lagunow, Raphael"]
[Black "Socko, Bartosz"]
[Result "0-1"]
[WhiteElo "2428"]
[BlackElo "2620"]
[PlyCount "108"]
[EventDate "2019.??.??"]

1. e4 c6 2. d4 d5 3. e5 c5 4. dxc5 e6 5. Nf3 Bxc5 6. Bd3 Ne7 7. O-O Ng6 8. a3
O-O 9. b4 Be7 10. Re1 a5 11. bxa5 Nc6 12. Bb2 Nxa5 13. Nbd2 Bd7 14. g3 Qc7 15.
h4 Rfc8 16. h5 Nf8 17. Nd4 h6 18. Qg4 Kh8 19. Qf3 Be8 20. a4 Nc4 21. Nxc4 dxc4
22. Be4 c3 23. Bc1 Qxe5 24. Be3 Rxa4 25. Rxa4 Bxa4 26. Bxb7 Rd8 27. Qxf7 Qf6
28. Qxf6 Bxf6 29. Bc6 Bxc6 30. Nxc6 Rd5 31. Rb1 Nd7 32. Rb7 Ne5 33. Ne7 Nf3+
34. Kf1 Rxh5 35. Ng6+ Kg8 36. Nf4 Re5 37. Ke2 Nd4+ 38. Kd3 Nf5 39. Rb8+ Kh7 40.
Bc1 Re1 41. Ba3 Be5 42. Rb4 Rd1+ 43. Ke4 Bxf4 44. Kxf4 Rd2 45. f3 Rxc2 46. g4
Ra2 47. gxf5 Rxa3 48. Rc4 c2 49. Rxc2 exf5 50. Rc5 g5+ 51. Ke5 Kg6 52. Rc6+ Kh5
53. f4 Ra5+ 54. Kf6 gxf4 0-1

[Event "2BLN 1819 FC St. Pauli - SK Zehlendorf"]
[Site "?"]
[Date "2019.03.23"]
[Round "9.2"]
[White "Cuenca Jimenez, Jose Fernando"]
[Black "Sawlin, Leonid"]
[Result "1/2-1/2"]
[WhiteElo "2544"]
[BlackElo "2398"]
[PlyCount "154"]
[EventDate "2019.??.??"]

1. Nf3 d5 2. b3 c5 3. e3 Nc6 4. Bb2 Nf6 5. Bb5 Bf5 6. O-O e6 7. Ne5 Rc8 8. f4
Nd7 9. g4 Bg6 10. Nxg6 hxg6 11. Qf3 Qh4 12. Qg3 Nf6 13. Be2 g5 14. Kg2 Bd6 15.
Na3 Qh7 16. Bd3 Ne4 17. Bxe4 Qxe4+ 18. Qf3 Rh4 19. h3 f5 20. Qxe4 dxe4 21. Nb5
Rd8 22. Nxd6+ Rxd6 23. fxg5 fxg4 24. Bc3 Rd5 25. Kg3 Rxh3+ 26. Kxg4 Rh2 27. Rg1
g6 28. Kg3 Rh5 29. Kf4 b5 30. Kxe4 b4 31. Bf6 Rh4+ 32. Kf3 Rxd2 33. Rh1 Rxh1
34. Rxh1 Kd7 35. Rh7+ Kd6 36. Rg7 Rxc2 37. Ke4 c4 38. bxc4 Rxc4+ 39. Kd3 Rc5
40. Rxg6 Ne5+ 41. Bxe5+ Kxe5 42. Rg7 Rc3+ 43. Ke2 a5 44. Ra7 Rc5 45. g6 Ke4 46.
g7 Rg5 47. Kf2 Rg6 48. Rxa5 Rxg7 49. Rb5 Kd3 50. Rxb4 Rf7+ 51. Rf4 Rd7 52. Kf3
e5 53. Rf8 e4+ 54. Kf4 Ra7 55. Rd8+ Ke2 56. Rd4 Rxa2 57. Rxe4 Ra8 58. Re7 Rf8+
59. Kg4 Rh8 60. Kf5 Rf8+ 61. Ke4 Rh8 62. Re6 Ra8 63. Kf5 Rf8+ 64. Ke4 Rg8 65.
Kf5 Rf8+ 66. Kg6 Kd3 67. Re7 Rf3 68. e4 Kd4 69. Re8 Rf1 70. e5 Kd5 71. e6 Kd6
72. Kg5 Rg1+ 73. Kf4 Rf1+ 74. Kg4 Rf6 75. e7 Kd7 76. Rf8 Kxe7 77. Rxf6 Kxf6
1/2-1/2

[Event "2BLN 1819 FC St. Pauli - SK Zehlendorf"]
[Site "?"]
[Date "2019.03.23"]
[Round "9.3"]
[White "Malek, Daniel"]
[Black "Feuerstack, Aljoscha"]
[Result "1/2-1/2"]
[WhiteElo "2374"]
[BlackElo "2444"]
[PlyCount "120"]
[EventDate "2019.??.??"]

1. d4 d5 2. c4 c6 3. cxd5 cxd5 4. Bf4 Nc6 5. e3 Nf6 6. Nc3 Bf5 7. Qb3 Na5 8.
Qa4+ Bd7 9. Qc2 e6 10. Nf3 Nh5 11. Bg5 f6 12. Bh4 g5 13. Bg3 g4 14. Ng1 Rc8 15.
Bd3 Nc4 16. Nge2 b5 17. a3 f5 18. Nf4 Nxf4 19. Bxf4 a5 20. Qe2 b4 21. axb4 Bxb4
22. Rc1 Qb6 23. O-O Bd6 24. Bxd6 Nxd6 25. f3 gxf3 26. Rxf3 Bb5 27. Bxb5+ Nxb5
28. Rg3 Qb7 29. h3 a4 30. Qd1 Qc7 31. Rg5 a3 32. Na2 Qxc1 33. Nxc1 axb2 34. Na2
Rc1 35. Nxc1 Nc3 36. Qh5+ Kd8 37. Ne2 b1=Q+ 38. Kh2 Nxe2 39. Qxe2 Qb8+ 40. Kg1
Qb1+ 41. Kf2 Qb7 42. Qa2 Ke8 43. h4 h6 44. Rg6 Kf7 45. h5 Ra8 46. Qe2 Qb1 47.
Kg3 Qb8+ 48. Kf2 Qh2 49. Qb2 Qh4+ 50. Kg1 Qe1+ 51. Kh2 Qh4+ 52. Kg1 Qxh5 53.
Rxe6 Kxe6 54. Qb6+ Ke7 55. Qb7+ Kf6 56. Qxa8 Qd1+ 57. Kh2 Qh5+ 58. Kg3 Qg4+ 59.
Kf2 Qh4+ 60. Kf1 Qh1+ {(=)} 1/2-1/2

[Event "2BLN 1819 FC St. Pauli - SK Zehlendorf"]
[Site "?"]
[Date "2019.03.23"]
[Round "9.4"]
[White "Socko, Monika"]
[Black "Meister, Jakob"]
[Result "1-0"]
[WhiteElo "2442"]
[BlackElo "2419"]
[PlyCount "65"]
[EventDate "2019.??.??"]

1. d4 Nf6 2. c4 c5 3. d5 b5 4. cxb5 e6 5. dxe6 fxe6 6. Nf3 d5 7. e3 Bd6 8. Be2
O-O 9. O-O Qe7 10. Nbd2 Bb7 11. b3 Nbd7 12. Bb2 Rad8 13. Qc2 Kh8 14. Rad1 Bb8
15. a4 e5 16. e4 Nxe4 17. Nxe4 dxe4 18. Nd2 e3 19. fxe3 Qg5 20. Bf3 Qxe3+ 21.
Kh1 Bxf3 22. Nxf3 Qf4 23. Bc1 Qf7 24. Bg5 Nf6 25. Rxd8 Rxd8 26. Qxc5 h6 27.
Bxf6 Qxf6 28. Qc4 Qf4 29. Nh4 Qd2 30. Qe4 Kg8 31. Ng6 Rd4 32. Rf8+ Kh7 33. Rh8#
1-0

[Event "2BLN 1819 FC St. Pauli - SK Zehlendorf"]
[Site "?"]
[Date "2019.03.23"]
[Round "9.5"]
[White "Lagunow, Alexander"]
[Black "Jahncke, Giso"]
[Result "0-1"]
[WhiteElo "2381"]
[BlackElo "2352"]
[PlyCount "94"]
[EventDate "2019.??.??"]

1. Nf3 d5 2. g3 g6 3. Bg2 Bg7 4. d4 Nf6 5. c4 c6 6. Nbd2 O-O 7. O-O Bf5 8. b3
Qa5 9. Bb2 Ne4 10. e3 Nc3 11. Qe1 Ne4 12. Qe2 Nd7 13. Nxe4 Bxe4 14. Rfc1 dxc4
15. bxc4 Nb6 16. Bc3 Qa3 17. c5 Na4 18. Be1 b6 19. Nd2 Bd3 20. Qd1 Nc3 21. Rxc3
Qxc3 22. Bxc6 Rab8 23. Ba4 Be2 24. Ne4 Qd3 25. Qc2 Rfc8 26. Rc1 Qxc2 27. Bxc2
bxc5 28. Nxc5 e5 29. Bc3 Bf8 30. Bb3 Bxc5 31. dxc5 Rxc5 32. Re1 Bf3 33. Bb2 a5
34. Ba3 Rcb5 35. e4 a4 36. Bc2 g5 37. Bc1 g4 38. Bxa4 Rb1 39. Bb3 Rc8 40. Bd2
Rxe1+ 41. Bxe1 Bxe4 42. Kf1 Bd3+ 43. Kg2 Rc1 44. Bd2 Bf1+ 45. Kg1 Rb1 46. Bc2
Ra1 47. Bc3 Rc1 0-1